| 000 | 00368nam a2200157Ia 4500 | ||
|---|---|---|---|
| 008 | 230711s9999||||xx |||||||||||||| ||und|| | ||
| 041 | _aENG | ||
| 082 |
_a720 _bCO-A |
||
| 100 | _aCounsil of Architecture | ||
| 245 | 0 | _aArchitectural thesis-09 archiving | |
| 250 | _a1st | ||
| 260 |
_c2010 _aHydrabad _bNIASA |
||
| 300 | _a158 | ||
| 650 | _aArchitecture | ||
| 942 | _cBK | ||
| 999 |
_c5031 _d5031 |
||